[Event "Sachsen-ch U18"]
[Site "Sebnitz"]
[Date "2007.04.13"]
[Round "6"]
[White "Haense, Felix"]
[Black "Klinger, Markus"]
[Result "0-1"]
[WhiteElo "1787"]
[BlackElo "1763"]
[PlyCount "102"]
[EventDate "2007.04.10"]
[EventType "swiss"]
[EventRounds "7"]
[EventCountry "GER"]
[SourceTitle "EXT 2008"]
[Source "ChessBase"]
[SourceDate "2007.11.25"]
[SourceVersion "1"]
[SourceVersionDate "2007.11.25"]
[SourceQuality "1"]

1. Nf3 e6 2. g3 d5 3. Bg2 Bd6 4. 0-0 Ne7 5. d3 c5 6. e4 Nbc6 7. Nc3 a6 8. a4 d4 9. Ne2 e5 10. Nd2 0-0 11. f4 f5 12. Nc4 Bc7 13. fxe5 Nxe5 14. Bg5 Nxc4 15. dxc4 h6 16. Bd2 g5 17. exf5 Bxf5 18. Nc1 Rb8 19. Nd3 b6 20. Qh5 Kg7 21. h4 Bg6 22. Qg4 Qd6 23. hxg5 h5 24. Qe2 Nf5 25. Bf4 Nxg3 26. Bxg3 Qxg3 27. Qe7+ Kg8 28. Rf6 Qh2+ 29. Kf1 Bxd3+ 30. cxd3 Rxf6+ 31. Qxf6 Qf4+ 32. Kg1 Qh2+ 33. Kf1 Qf4+ 34. Ke1 Re8+ 35. Kd1 Qg4+ 36. Bf3 Qg1+ 37. Kc2 Qh2+ 38. Kb3 Rd8 39. Rh1 Qd2 40. Bd5+ Rxd5 41. Qg6+ Kf8 42. Rf1+ Bf4 43. cxd5 c4+ 44. Ka2 c3 45. Qd6+ Ke8 46. Qc6+ Kf8 47. Qc8+ Ke7 48. d6+ Kxd6 49. Qd8+ Kc6 50. Qc8+ Kd6 51. Rxf4 Qxb2# 0-1

[Event "Sachsen-ch U18"]
[Site "Sebnitz"]
[Date "2007.04.10"]
[Round "1"]
[White "Klinger, Markus"]
[Black "Zimmermann, Rene"]
[Result "1/2-1/2"]
[WhiteElo "1763"]
[BlackElo "1850"]
[PlyCount "111"]
[EventDate "2007.04.10"]
[EventType "swiss"]
[EventRounds "7"]
[EventCountry "GER"]
[SourceTitle "EXT 2008"]
[Source "ChessBase"]
[SourceDate "2007.11.25"]
[SourceVersion "1"]
[SourceVersionDate "2007.11.25"]
[SourceQuality "1"]

1. e4 c6 2. d4 d5 3. e5 Bf5 4. Ne2 e6 5. Nf4 h6 6. Bd3 Ne7 7. Nc3 Nd7 8. 0-0 Qb6 9. g4 Bxg4 10. Qxg4 Qxd4 11. Qd1 Nxe5 12. Be3 Qb4 13. a3 Qd6 14. Re1 Nxd3 15. Nxd3 Nf5 16. Bf4 Qd8 17. Qg4 Be7 18. Ne2 0-0 19. Ng3 Nxg3 20. hxg3 Bg5 21. Re5 Bxf4 22. Nxf4 Qf6 23. Rae1 g5 24. Nh3 Qg6 25. Qb4 b6 26. Qd2 Rae8 27. Qe2 Re7 28. Kh2 Rfe8 29. g4 f6 30. Re3 e5 31. c3 e4 32. f3 f5 33. f4 Qd6 34. gxf5 gxf4 35. Rg1+ Kh8 36. Rg6 Re6 37. Rxe6 Rxe6 38. Rf3 Rf6 39. Rxf4 Rxf5 40. Qg4 Rf8 41. Qh4 Kh7 42. Kg2 Rg8+ 43. Kf2 Qg6 44. Ke2 Qg2+ 45. Kd1 Rg3 46. Qe7+ Rg7 47. Rf7 Qg6 48. Rxg7+ Qxg7 49. Qe6 c5 50. Qf5+ Kh8 51. Nf4 e3 52. Ng6+ Kg8 53. Qc8+ Kf7 54. Qf5+ Kg8 55. Qc8+ Kf7 56. Qf5+ 1/2-1/2

[Event "Sachsen-ch U18"]
[Site "Sebnitz"]
[Date "2006.04.20"]
[Round "5"]
[White "Eidner, Falk"]
[Black "Klinger, Markus"]
[Result "1-0"]
[WhiteElo "1948"]
[BlackElo "1554"]
[PlyCount "61"]
[EventDate "2006.04.18"]
[EventType "swiss"]
[EventRounds "7"]
[EventCountry "GER"]
[SourceTitle "EXT 2007"]
[Source "ChessBase"]
[SourceDate "2006.11.23"]
[SourceVersion "1"]
[SourceVersionDate "2006.11.23"]
[SourceQuality "1"]

1. d4 e6 2. c4 Nf6 3. Nc3 Bb4 4. e3 d5 5. Nf3 c5 6. Bd2 Nbd7 7. a3 Bxc3 8. bxc3 0-0 9. Bd3 dxc4 10. Bxc4 Nb6 11. Bb3 cxd4 12. cxd4 Nbd5 13. 0-0 Bd7 14. Re1 Bc6 15. e4 Nb6 16. Bg5 h6 17. Bh4 g5 18. Nxg5 Nxe4 19. Nf3 Qd6 20. Ne5 Kh7 21. Nxc6 Qxc6 22. Rxe4 Rg8 23. f3 Rg6 24. Rg4 Rag8 25. Rxg6 Rxg6 26. Bg3 Qc3 27. Rc1 Qe3+ 28. Kh1 h5 29. Rc7 Kh6 30. Rxf7 Nd5 31. Bxd5 1-0